| 000 | 00961nam a2200289 a 4500 | ||
|---|---|---|---|
| 008 | |||
| 020 | _a008041866X (pbk.) | ||
| 049 | _aMAIN | ||
| 090 |
_aTP155 _bCOU |
||
| 100 | 1 | _aCoulson, J.M. | |
| 245 | 1 | 0 |
_aChemical engineering In Volume 6 / _cby J.M. Coulson and J.F. Richardson. |
| 250 | _a2nd ed. | ||
| 260 |
_aOxford : _bPergamon Press , _c1993. |
||
| 300 |
_axxi, 954 p. : _bill. ; _c25 cm. |
||
| 440 | 0 | _aPergamon international library of science, technology, engineering, and social studies | |
| 504 | _aIncludes index. | ||
| 500 | _aIncludes bibliographical references. | ||
| 650 | 0 | _aChemical engineering. | |
| 700 | 1 | _aRichardson, J.F. | |
| 740 | 0 | _aCoulson & Richardson's chemical engineering. | |
| 740 | 0 | _aCoulson and Richardson's chemical engineering. | |
| 907 |
_a.b10064448 _b02-11-12 _c17-04-03 |
||
| 003 | |||
| 005 | 20230123133954.0 | ||
| 040 | _cNUST | ||
| 942 |
_cBOOKS _kTP155 _mCOU |
||
| 999 |
_c157793 _d157793 |
||